Vista normal
Vista MARC
Entrada Topical Term
Número de registros utilizados en: 1
001 - CONTROL NUMBER
- control field: 1737
003 - CONTROL NUMBER IDENTIFIER
- control field: OSt
005 - DATE AND TIME OF LATEST TRANSACTION
- control field: 20200320123453.0
008 - FIXED-LENGTH DATA ELEMENTS
- fixed length control field: 200320|| aca||aabn | a|a d
040 ## - CATALOGING SOURCE
- Original cataloging agency: OSt
- Transcribing agency: OSt
150 ## - HEADING--TOPICAL TERM
- Topical term or geographic name entry element: Tiras cómicas, historietas, etc. -- Siglo XX Humor gráfico--
670 ## - SOURCE DATA FOUND
- Source citation: Work cat.: (OSt)4170: Arenas Cortés, Fernando, autor 1736, Ilusiones de un ángel /, [2010]